| 000 | 00421nam a2200145Ia 4500 | ||
|---|---|---|---|
| 008 | 220216s9999 xx 000 0 und d | ||
| 100 | _aLeelaratne T P G N | ||
| 245 | 0 | _aDo current investments patterns satisfy future needs ? | |
| 260 |
_bBulletin of the Rubber Research Institute of Sri Lanka _c1987 |
||
| 300 | _a15-Jan | ||
| 650 | _aLatex crepe | ||
| 650 | _aRubber production | ||
| 650 | _aSri Lanka | ||
| 942 | _cJS | ||
| 999 |
_c53210 _d53210 |
||